00349pab a2200121 454500008004000000100001900040245009000059260000900149300001400158650001800172700002000190773001700210180718b2008 xxu||||| |||| 00| 0 eng d aVarghese, P.J. aCivil society and environmental resistant movements: a study of Sethusamudram project c2008 ap.315-38. aCivil society aMohana Kumar K. aISDA Journal